Nghiên cứu quốc tế.

Guardado en:
Detalles Bibliográficos
Formato: Seriadas
Lenguaje:Vietnamese
Publicado: Hà Nội.
Materias:
Etiquetas: Agregar Etiqueta
Sin Etiquetas, Sea el primero en etiquetar este registro!
Thư viện lưu trữ: Mạng thư viện Đại học Đà Nẵng
LEADER 00681cas a2200289 i 4500
001 000043252
003 1190
005 20030918143630.0
008 010217b vm 000 vie
022 |a 0868-2941 
040 |a IRC  |c IRC  |d IRC 
041 0 |a vie 
082 1 4 |a 327  |b Ng-C 
245 0 0 |a Nghiên cứu quốc tế. 
246 0 1 |a International studies. 
260 |a Hà Nội. 
300 |c 26,5cm. 
650 0 4 |a Quốc tế  |x Nghiên cứu  |v Tạp chí. 
OWN |a DUT 
999 |a From the UDN01 
TYP |a Printed language 
980 |a Mạng thư viện Đại học Đà Nẵng